Amaltea revista de mitocrítica.
| Autor Corporativo: | |
|---|---|
| Formato: | Electrónico Seriadas |
| Lenguaje: | español inglés francés alemán italiano portugués |
| Publicado: |
Madrid :
Universidad Complutense de Madrid,
2008-
|
| Materias: | |
| Acceso en línea: | Full text available from Research Library: 01/01/2008 to present |
MARC
| LEADER | 00000nas a2200000 i 4500 | ||
|---|---|---|---|
| 001 | ssj0000397540 | ||
| 003 | WaSeSS | ||
| 005 | 20200512172242.0 | ||
| 006 | m d | ||
| 007 | cr n | ||
| 008 | 100427c20089999sp ar s | b0spa c | ||
| 010 | |a 2016226012 | ||
| 016 | 7 | |a 2594101-X |2 DE-600 | |
| 022 | |a 1989-1709 |l 1989-1709 | ||
| 035 | |a (WaSeSS)ssj0000397540 | ||
| 040 | |a HUA |b eng |e pn |c HUA |d LAS |d OCLCQ |d HEBIS |d WEA |d OCLCQ |d OCLCF |d CUS |d HTM |d JPG |d Z5A |d JPG |d OCLCQ |d OCLCA |d VDB |d AU@ |d VT2 |d WaSeSS | ||
| 041 | 0 | |a spa |a eng |a fre |a ger |a ita |a por | |
| 042 | |a pcc | ||
| 050 | 1 | 4 | |a BL723 |b .A43 |
| 082 | 0 | 4 | |a 398.2 |b A48 |
| 210 | 0 | |a Amaltea | |
| 222 | 0 | |a Amaltea | |
| 245 | 0 | 0 | |a Amaltea |h [electronic resource] : |b revista de mitocrítica. |
| 246 | 3 | 0 | |a Revista de mitocrítica |
| 260 | |a Madrid : |b Universidad Complutense de Madrid, |c 2008- | ||
| 310 | |a Annual | ||
| 362 | 1 | |a Began with: Vol. 0 (2008). | |
| 500 | |a Issues also have distinctive titles. | ||
| 506 | |a License restrictions may limit access. | ||
| 546 | |a In English, Spanish, French, German, Italian, or Portuguese, with abstracts in one or more languages. | ||
| 588 | |a Description based on: Vol. 0 (2008); title from journal home page (UCM website, viewed June 29, 2016). | ||
| 588 | |a Latest issue consulted: Vol. 7 (2015) (viewed June 29, 2016). | ||
| 650 | 0 | |a Mythology, Classical |v Periodicals. | |
| 650 | 0 | |a Mythology |v Periodicals. | |
| 650 | 0 | |a Myth |v Periodicals. | |
| 650 | 7 | |a Myth. |2 fast |0 (OCoLC)fst01031678 | |
| 650 | 7 | |a Mythology. |2 fast |0 (OCoLC)fst01031701 | |
| 650 | 7 | |a Mythology, Classical. |2 fast |0 (OCoLC)fst01031758 | |
| 655 | 0 | |a Electronic journals. | |
| 710 | 2 | |a Universidad Complutense de Madrid. | |
| 856 | 4 | 0 | |z Full text available from Research Library: 01/01/2008 to present |u https://search.proquest.com/publication/54816 |